000 01218cam a22003497a 4500
003 CHAP
005 20220329133229.0
008 971013s1985 r 00010 d
010 _a3689
011 _a4661
035 _a3865
040 _cCHAP
082 _a633.710972
_bT35
110 _aTabacos Mexicanos, S. A. de C. V.
_9111261
245 0 _aTABAMEX PRONADRI, 1985-1988
260 _a[México] :
_bTABAMEX,
_c1985
300 _ac.a. 290 p
590 _aBATCH-UPD
_b10
_c20130109
_lUCH01
_h2327
590 _aBATCH-UPD
_b10
_c20130110
_lUCH01
_h2111
590 _aBATCH-UPD
_b10
_c20130409
_lUCH01
_h1852
590 _aBATCH-UPD
_b10
_c20130410
_lUCH01
_h1422
590 _aBATCH-UPD
_b10
_c20130914
_lUCH01
_h1942
590 _aCONVERSION
_b10
_c20130109
_lUCH01
_h1303
650 1 4 _aTabaco
_xIndustria.
_9111223
650 1 4 _aTabaco
_xMéxico.
_9111230
710 0 _aPrograma Nacional de Desarrollo Rural Integral. México.
_992336
901 _aBK
942 _cLIBRO
949 _a633.710972 T35
_bBC
_cLIBRO
_d33724000216214
_eLIBRO
_h80550
_i3865
_si
949 _a633.710972 T35
_bBC
_cLIBRO
_d33724000216222
_eLIBRO
_fc.2
_h80551
_i3865
_si
949 _a633.710972 T35
_bBC
_cLIBRO
_d33724000216230
_eLIBRO
_fc.3
_h80552
_i3865
_si
999 _c3689
_d3689